Score 0/51 Timer 04:00
1 Play Today
Work (P)oe or (C)hristie? % Correct
The Raven???
83.2%
Murder on the Orient Express???
81.6%
The Tell-Tale Heart???
80.4%
The Pit and the Pendulum???
79.8%
Death on the Nile???
79.8%
The Fall of the House of Usher???
78.3%
And Then There Were None???
78.2%
Annabel Lee???
77.7%
The Cask of Amontillado???
77.4%
The Masque of the Red Death???
76.4%
The Mysterious Affair at Styles???
75.4%
The Murder at the Vicarage???
74.7%
The Body in the Library???
74.7%
The Murder of Roger Ackroyd???
74.5%
They Do It with Mirrors???
74.3%
The Black Cat???
72.5%
The Imp of the Perverse???
71.9%
Evil Under the Sun???
71.4%
The Premature Burial???
71.1%
Morella???
71.1%
Cat Among the Pigeons???
70.7%
Appointment with Death???
70.6%
Sleeping Murder???
70.6%
They Came to Baghdad???
70.3%
The Purloined Letter???
69.4%
The Mirror Crack'd from Side to Side???
69.3%
Work (P)oe or (C)hristie? % Correct
The Gold-Bug???
69.2%
A Descent into the Maelström???
69.2%
The Murders in the Rue Morgue???
69.1%
N or M????
68.9%
The Oblong Box???
68.6%
Lord Edgware Dies???
68.4%
Dead Man's Folly???
66.7%
Death Comes as the End???
66.3%
Peril at End House???
64.6%
A Dream Within a Dream???
64.3%
By the Pricking of My Thumbs???
63.5%
Thou Art the Man???
62.6%
Three Act Tragedy???
62.4%
The Oval Portrait???
62.2%
The Haunted Palace???
61.6%
Sad Cypress???
60.9%
Taken at the Flood???
59.4%
The Facts in the Case of M. Valdemar???
58.9%
The Devil in the Belfry???
57.9%
A Predicament???
57.8%
The Mystery of Marie RogĂȘt???
57.6%
Never Bet the Devil Your Head???
57.1%
Endless Night???
55.5%
The Pale Horse???
53.9%
Postern of Fate???
48.6%

You're not logged in!

Compare scores with friends on all Sporcle quizzes.
OR
Log In

Sporcle TV

Today on Sporcle TV


Watch our educational content, quiz creation guides, and fun videos on Sporcle TV.

Show Comments

Extras

Top Quizzes Today


Score Distribution

Paid Content

Your Account Isn't Verified!

In order to create a playlist on Sporcle, you need to verify the email address you used during registration. Go to your Sporcle Settings to finish the process.

Report this User

Report this user for behavior that violates our Community Guidelines.

Details: